INTERNATIONAL BUSINESS RISK A HANDBOOK F (Record no. 24329)

MARC details
000 -LEADER
fixed length control field 00374nam a2200133Ia 4500
008 - FIXED-LENGTH DATA ELEMENTS--GENERAL INFORMATION
fixed length control field 240624s9999 xx 000 0 und d
041 ## - LANGUAGE CODE
Language code of text/sound track or separate title eng
082 ## - DEWEY DECIMAL CLASSIFICATION NUMBER
Classification number 332.6730995 JAR
100 ## - MAIN ENTRY--PERSONAL NAME
Personal name JARVIS DARRYL
245 ## - TITLE STATEMENT
Title INTERNATIONAL BUSINESS RISK A HANDBOOK F
260 ## - PUBLICATION, DISTRIBUTION, ETC.
Date of publication, distribution, etc. 2003
Place of publication, distribution, etc. Cambridge
Name of publisher, distributor, etc. Cambridge University Press
300 ## - PHYSICAL DESCRIPTION
Extent xxi, : 474 : p. : cm. ; 25
365 ## - TRADE PRICE
Currency code GBP
Price amount 32
Holdings
Withdrawn status Lost status Damaged status Not for loan Home library Current library Shelving location Date acquired Source of acquisition Cost, normal purchase price Full call number Barcode Date last seen Copy number Price effective from Koha item type
        IMTN IMTN Rack 12-B 06/17/2015 RW 94.99 332.6730995 JAR 24329 06/24/2024 104.5 06/24/2024 Books
Designed & Maintained by: LRC IMT Nagpur Contact: lrc@imtnag.ac.in© 2024. All Rights Reserved.